[Event "1er Open International de Purticciu"]
[Site "Grosseto Prugna"]
[Date "2014.05.06"]
[Round "6.9"]
[White "Sorm, Daniel"]
[Black "Tomasi, Albert"]
[Result "1-0"]
[WhiteElo "2316"]
[BlackElo "1823"]
[PlyCount "103"]
[EventDate "2014.??.??"]

1. d4 Nf6 2. Nf3 g6 3. Nc3 d5 4. Bf4 Bg7 5. h3 O-O 6. e3 Ne4 7. Nxe4 dxe4 8.
Nd2 f5 9. Bc4+ Kh8 10. f3 c5 11. c3 Nc6 12. O-O cxd4 13. exd4 Nxd4 14. fxe4 e5
15. Be3 f4 16. Bf2 Nc6 17. Nf3 Qe7 18. Qd5 Rd8 19. Bh4 Bf6 20. Bxf6+ Qxf6 21.
Qf7 Qxf7 22. Bxf7 Kg7 23. Bd5 Kf6 24. Rfd1 Ne7 25. Bb3 Nc6 26. Rxd8 Nxd8 27.
Rd1 Be6 28. Bxe6 Kxe6 29. Ng5+ Ke7 30. Rd5 h6 31. Nf3 Nf7 32. Nxe5 Rd8 33.
Nxg6+ Kf6 34. Nxf4 Rxd5 35. exd5 Ke5 36. g3 Ng5 37. Kg2 Ne4 38. Kf3 b6 39. Nd3+
Kxd5 40. Nf4+ Ke5 41. Nd3+ Kd5 42. Nb4+ Ke5 43. Nc6+ Kd5 44. Ne7+ Ke5 45. Nc6+
Kd5 46. Nxa7 Nd6 47. b3 Nf7 48. Kg4 Ke4 49. c4 Ne5+ 50. Kh5 Kf3 51. g4 Nf7 52.
Kg6 1-0

[Event "1er Open International de Purticciu"]
[Site "Grosseto Prugna"]
[Date "2014.05.06"]
[Round "6.10"]
[White "Venel, Alexandre"]
[Black "Brethes, Francois"]
[Result "0-1"]
[WhiteElo "1535"]
[BlackElo "2257"]
[PlyCount "60"]
[EventDate "2014.??.??"]

1. d4 Nf6 2. c4 c5 3. d5 e6 4. Nc3 exd5 5. cxd5 d6 6. e4 g6 7. Bb5+ Bd7 8. Qa4
Bg7 9. Nf3 O-O 10. O-O a6 11. Bf4 Bxb5 12. Nxb5 Nxe4 13. Rfe1 f5 14. Rab1 Nd7
15. Nc3 Ndf6 16. Ng5 b5 17. Qc2 Nxg5 18. Bxg5 Qd7 19. Rbd1 Rae8 20. Rxe8 Rxe8
21. a3 Ne4 22. Bf4 Bd4 23. Be3 Nxc3 24. bxc3 Bxe3 25. fxe3 Rxe3 26. Ra1 Qe7 27.
Kf2 Qe4 28. Qxe4 Rxe4 29. Kf3 Kf7 30. Rc1 Kf6 0-1

[Event "1er Open International de Purticciu"]
[Site "Grosseto Prugna"]
[Date "2014.05.06"]
[Round "7.1"]
[White "Fressinet, Laurent"]
[Black "Malaniuk, Vladimir P"]
[Result "1/2-1/2"]
[WhiteElo "2711"]
[BlackElo "2550"]
[PlyCount "77"]
[EventDate "2014.??.??"]

1. e4 e5 2. Nf3 Nc6 3. Bb5 a6 4. Ba4 Nf6 5. O-O Be7 6. d3 d6 7. c3 O-O 8. Nbd2
Bg4 9. h3 Bh5 10. Re1 Nd7 11. Nf1 Nc5 12. Bc2 Ne6 13. Ng3 Bxf3 14. Qxf3 Bg5 15.
Nf5 Bxc1 16. Raxc1 g6 17. Ne3 a5 18. g3 Kh8 19. h4 f5 20. exf5 gxf5 21. Nd5 Qd7
22. d4 e4 23. Qe3 Ne7 24. Nxe7 Qxe7 25. d5 Nc5 26. Qd4+ Qg7 27. Qxg7+ Kxg7 28.
f3 Rae8 29. fxe4 fxe4 30. Re3 Nd3 31. Rb1 Re5 32. Bxd3 exd3 33. Rxd3 Re2 34. a4
Rff2 35. b4 Rg2+ 36. Kh1 Rh2+ 37. Kg1 Rhg2+ 38. Kh1 Rh2+ 39. Kg1 1/2-1/2

[Event "1er Open International de Purticciu"]
[Site "Grosseto Prugna"]
[Date "2014.05.06"]
[Round "7.2"]
[White "Burmakin, Vladimir"]
[Black "Edouard, Romain"]
[Result "1/2-1/2"]
[WhiteElo "2578"]
[BlackElo "2692"]
[PlyCount "65"]
[EventDate "2014.??.??"]

1. d4 d5 2. Bf4 Nf6 3. e3 c5 4. c3 Nc6 5. Nf3 Nh5 6. Be5 f6 7. Bg3 Qb6 8. Qd2
cxd4 9. cxd4 e5 10. dxe5 Nxg3 11. hxg3 fxe5 12. Nc3 Be6 13. Bb5 Bd6 14. Rc1
O-O-O 15. Bxc6 bxc6 16. O-O Kb7 17. Na4 Qb5 18. Qc2 Bg4 19. Nc5+ Qxc5 20. Qxc5
Bxc5 21. Rxc5 Bxf3 22. gxf3 Rhf8 23. f4 exf4 24. exf4 Rfe8 25. Rfc1 d4 26. Kf1
d3 27. Rd1 Re4 28. Rc3 Red4 29. Ke1 Re4+ 30. Kf1 Red4 31. Ke1 Re4+ 32. Kf1 Red4
33. Ke1 1/2-1/2

[Event "1er Open International de Purticciu"]
[Site "Grosseto Prugna"]
[Date "2014.05.06"]
[Round "7.3"]
[White "Terrieux, Kevin"]
[Black "Sorm, Daniel"]
[Result "1/2-1/2"]
[WhiteElo "2416"]
[BlackElo "2316"]
[PlyCount "75"]
[EventDate "2014.??.??"]

1. e4 e5 2. Nf3 Nc6 3. c3 Nf6 4. d4 exd4 5. e5 Nd5 6. cxd4 Bb4+ 7. Nbd2 d6 8.
Bb5 O-O 9. O-O Bg4 10. h3 Bh5 11. Qb3 Bxd2 12. Bxd2 Bxf3 13. Qxf3 Nde7 14. Bc3
dxe5 15. Bxc6 Nxc6 16. dxe5 Qe7 17. Rae1 Rad8 18. Re4 Qe6 19. Qg4 Qxg4 20. hxg4
Rd3 21. e6 fxe6 22. Rxe6 Rfd8 23. f4 Kf7 24. f5 Rd1 25. Re4 Rxf1+ 26. Kxf1 g6
27. Re3 Nd4 28. Rh3 Kg8 29. Rd3 c5 30. Bxd4 cxd4 31. Ke2 Rd5 32. fxg6 hxg6 33.
Kf3 Kf7 34. Ke4 Rg5 35. Kf4 Rd5 36. Ke4 Rg5 37. Kf4 Rd5 38. Ke4 1/2-1/2

[Event "1er Open International de Purticciu"]
[Site "Grosseto Prugna"]
[Date "2014.05.06"]
[Round "7.4"]
[White "Skomorokhin, Roman"]
[Black "Stets, Dmitry"]
[Result "0-1"]
[WhiteElo "2384"]
[BlackElo "2410"]
[PlyCount "106"]
[EventDate "2014.??.??"]

1. d4 Nf6 2. c4 g6 3. Nc3 Bg7 4. e4 d6 5. Be2 O-O 6. Nf3 e5 7. O-O Nc6 8. d5
Ne7 9. b4 Nh5 10. g3 f5 11. Ng5 Nf6 12. f3 f4 13. b5 fxg3 14. hxg3 Nh5 15. Kf2
h6 16. Ne6 Bxe6 17. dxe6 Qc8 18. Nd5 Qxe6 19. Nxc7 Qh3 20. Rg1 Rad8 21. Be3 b6
22. Rg2 Kh7 23. a4 Rd7 24. Nd5 Nxd5 25. cxd5 Bf6 26. Rc1 Rdf7 27. Qh1 Qxh1 28.
Rxh1 Rc7 29. Rgh2 Rc2 30. g4 Nf4 31. Rxh6+ Kg7 32. Bxf4 exf4 33. Rh7+ Kg8 34.
Rd7 Rfc8 35. Rxd6 Bd4+ 36. Kf1 Rc1+ 37. Kg2 Rxh1 38. Kxh1 Rc1+ 39. Kg2 Rc2 40.
Kf1 Rc1+ 41. Kg2 Rc2 42. Kh3 Rxe2 43. Kh4 Re3 44. Kg5 Rxf3 45. Kxg6 Kf8 46. Re6
Rd3 47. d6 Bc5 48. e5 f3 49. Rf6+ Ke8 50. Kf5 f2 51. Ke6 Rd1 52. Rh6 Bxd6 53.
exd6 Re1+ 0-1

[Event "1er Open International de Purticciu"]
[Site "Grosseto Prugna"]
[Date "2014.05.06"]
[Round "7.5"]
[White "Brethes, Francois"]
[Black "Kurayan, Ruslan"]
[Result "0-1"]
[WhiteElo "2257"]
[BlackElo "2393"]
[PlyCount "90"]
[EventDate "2014.??.??"]

1. d4 Nf6 2. c4 g6 3. Nc3 Bg7 4. Nf3 O-O 5. Bf4 c5 6. e3 cxd4 7. exd4 d5 8. Ne5
Nc6 9. c5 Nd7 10. Nf3 e5 11. dxe5 Ndxe5 12. Nxe5 Nxe5 13. Qxd5 Qe7 14. O-O-O
Be6 15. Qd6 Qf6 16. Bxe5 Qxe5 17. Qxe5 Bxe5 18. Nd5 Kg7 19. f4 Bxd5 20. Rxd5
Bxf4+ 21. Kc2 Rfc8 22. g3 Be3 23. b4 a5 24. Kd3 Re8 25. b5 Rac8 26. Kc4 Re4+
27. Kd3 Re7 28. c6 bxc6 29. bxc6 Rxc6 30. Bg2 Bc5 31. Rc1 Re3+ 32. Kd2 Rce6 33.
Rcxc5 Re2+ 34. Kd1 Rxg2 35. Rd2 Rxd2+ 36. Kxd2 a4 37. Ra5 Re4 38. h3 h5 39. Ra7
h4 40. g4 Rb4 41. Ke3 g5 42. Kf3 Rc4 43. Ke3 Rc3+ 44. Ke4 Rxh3 45. Rxa4 Rg3 0-1

[Event "1er Open International de Purticciu"]
[Site "Grosseto Prugna"]
[Date "2014.05.06"]
[Round "7.7"]
[White "Piscopo, Pierluigi"]
[Black "Macqueen, Calum"]
[Result "1-0"]
[WhiteElo "2409"]
[BlackElo "2226"]
[PlyCount "63"]
[EventDate "2014.??.??"]

1. e4 c5 2. Nf3 Nc6 3. Bb5 e6 4. c3 d5 5. exd5 Qxd5 6. O-O Nf6 7. c4 Qd6 8. b4
cxb4 9. a3 a6 10. axb4 Qb8 11. Qa4 Bd7 12. d4 Ra7 13. Bxc6 bxc6 14. Ne5 Qxb4
15. Qc2 Qb8 16. Nc3 Bd6 17. Re1 c5 18. Ba3 O-O 19. Bxc5 Bxc5 20. dxc5 Rc8 21.
Qd2 Rxc5 22. Rab1 Qc7 23. Qd4 Ra8 24. f4 Be8 25. Rbd1 Qa7 26. Kh1 Rcc8 27. Qd2
Qc7 28. Qe2 Nd7 29. Nxd7 Bxd7 30. Ne4 Ba4 31. Rd2 Qxc4 32. Rd8+ 1-0

[Event "1er Open International de Purticciu"]
[Site "Grosseto Prugna"]
[Date "2014.05.06"]
[Round "7.8"]
[White "Koziak, Vitali"]
[Black "Hamitevici, Vladimir"]
[Result "1/2-1/2"]
[WhiteElo "2502"]
[BlackElo "2462"]
[PlyCount "100"]
[EventDate "2014.??.??"]

1. Nf3 Nf6 2. c4 b6 3. g3 Bb7 4. Bg2 g6 5. b3 Bg7 6. Bb2 O-O 7. O-O e6 8. Nc3
Ne4 9. Qc2 Nxc3 10. Bxc3 f6 11. e4 e5 12. d4 Qe7 13. d5 d6 14. Nd2 Nd7 15. Bh3
Kh8 16. b4 a5 17. a3 Bc8 18. Be6 Nb8 19. Bxc8 Rxc8 20. bxa5 bxa5 21. c5 dxc5
22. Nc4 a4 23. Rab1 Ra7 24. Ba5 Qe8 25. d6 Nc6 26. Bxc7 Nd4 27. Qd3 Qe6 28. f4
exf4 29. gxf4 h6 30. f5 gxf5 31. exf5 Qf7 32. Rb2 Rg8 33. Rg2 Rb7 34. Nb6 Bf8
35. Qe4 Bxd6 36. Bxd6 Rxb6 37. Bxc5 Rb2 38. Rxg8+ Qxg8+ 39. Kh1 Qb8 40. Bd6 Qc8
41. Be7 Qa6 42. Rg1 Kh7 43. Qd5 Rxh2+ 44. Kxh2 Qe2+ 45. Rg2 Qh5+ 46. Kg1 Qd1+
47. Kf2 Qd2+ 48. Kf1 Qd1+ 49. Kf2 Qd2+ 50. Kf1 Qd1+ 1/2-1/2

[Event "1er Open International de Purticciu"]
[Site "Grosseto Prugna"]
[Date "2014.05.06"]
[Round "7.9"]
[White "Sahetchian, Armand"]
[Black "Bellicou, Dominique"]
[Result "1/2-1/2"]
[WhiteElo "2202"]
[BlackElo "1830"]
[PlyCount "80"]
[EventDate "2014.??.??"]

1. d4 d5 2. Nf3 Bf5 3. c4 e6 4. Nc3 Nc6 5. cxd5 exd5 6. a3 Nf6 7. Bg5 Be7 8.
Bxf6 Bxf6 9. e3 O-O 10. Qb3 Re8 11. Be2 Ne7 12. Qxb7 c5 13. O-O cxd4 14. Nxd4
Rb8 15. Qxa7 Rxb2 16. Bf3 Bd3 17. Rfd1 Bc4 18. Rab1 Nc8 19. Qa4 Rxb1 20. Nxb1
Nd6 21. Nc3 Bxd4 22. Rxd4 Qb6 23. Qd1 Qb2 24. Nxd5 Qxa3 25. Nf6+ gxf6 26. Rxd6
Qc3 27. h3 Be6 28. Qa4 Rb8 29. Qf4 Qe5 30. g4 Rb1+ 31. Kh2 Qxf4+ 32. exf4 f5
33. g5 Kg7 34. Kg3 Rg1+ 35. Bg2 Re1 36. h4 Rg1 37. Kh2 Re1 38. Kg3 Ra1 39. Bf3
Ra5 40. Be2 Rc5 {suite illisible...} 1/2-1/2

[Event "1er Open International de Purticciu"]
[Site "Grosseto Prugna"]
[Date "2014.05.06"]
[Round "7.10"]
[White "De Seroux, Camille"]
[Black "Biancarelli, Pablo"]
[Result "1-0"]
[WhiteElo "2118"]
[BlackElo "1735"]
[PlyCount "93"]
[EventDate "2014.??.??"]

1. e4 c5 2. Nf3 Nc6 3. d4 cxd4 4. Nxd4 Nf6 5. Nc3 e6 6. Ndb5 d6 7. Bf4 e5 8.
Bg5 a6 9. Na3 b5 10. Nd5 Qa5+ 11. Bd2 Qd8 12. Bg5 Be7 13. Bxf6 Bxf6 14. c4 b4
15. Nc2 a5 16. Qf3 Bg5 17. h4 Bxh4 18. Rxh4 Qxh4 19. Nc7+ Ke7 20. Nxa8 Bg4 21.
Ne3 Bxf3 22. Nf5+ Kf6 23. Nxh4 Rxa8 24. Nxf3 Nd4 25. Nxd4 exd4 26. O-O-O Ke5
27. g3 Rc8 28. Bd3 g5 29. Rh1 Rh8 30. Rh5 Kf6 31. Rh6+ Ke5 32. Kd2 a4 33. Bc2
b3 34. axb3 axb3 35. Bxb3 Kxe4 36. Bc2+ Kf3 37. Rxh7 Rf8 38. Rh2 Ra8 39. Kd3
Ra1 40. Kxd4 Rc1 41. Be4+ Kg4 42. b4 f5 43. Bd3 f4 44. gxf4 gxf4 45. b5 Rd1 46.
b6 Kf3 47. b7 1-0